| 000 | 01501nam a2200481 i 4500 | ||
|---|---|---|---|
| 001 | 1409 | ||
| 003 | KOSZ 005 | ||
| 005 | 20190719104143.0 | ||
| 008 | 000320s1979 pl f f |000 0 pol | ||
| 015 | _aPB 1980/821 | ||
| 020 | _a8301020105 | ||
| 035 | _a991013607499705066 | ||
| 035 | _a(PL-WaBN)b13664219-48omnis_nlop | ||
| 035 | _ab13664219 | ||
| 035 | _a(OCoLC)749289883 | ||
| 035 | _a(PL)b0000001366421 | ||
| 035 | _a(EXLNZ-48OMNIS_NETWORK)9910363282405606 | ||
| 040 |
_aWA N _cWA N _dKOSZ 005/EG |
||
| 041 | _apol | ||
| 046 | _k1979 | ||
| 080 | _a534 | ||
| 080 | _a(075.8) | ||
| 080 | _a(076) | ||
| 100 | 1 |
_aWoroszył, Stanisław _eAutor |
|
| 245 | 1 | 0 |
_aPrzykłady i zadania z teorii drgań. _nCz. 2, _pUkłady ciągłe / _cStanisław Woroszył. |
| 260 |
_aWarszawa : _bPańst. Wydaw. Naukowe, _c1979. |
||
| 300 |
_a320 s. ; _c24 cm. |
||
| 336 |
_2rdacontent _aTekst _btxt |
||
| 337 |
_2rdamedia _aBez urządzenia pośredniczącego _bn |
||
| 338 |
_2rdacarrier _aWolumin _bnc |
||
| 380 | _aKsiążki | ||
| 380 | _aPublikacje dydaktyczne | ||
| 385 |
_mPoziom nauczania _aSzkoły wyższe |
||
| 388 | _a1901-2000 | ||
| 388 | _a1945-1989 | ||
| 504 | _aBibliogr. s. [321]. | ||
| 650 | 7 |
_aDrgania _2DBN |
|
| 655 | 7 |
_aĆwiczenia i zadania dla szkół wyższych _2DBN |
|
| 658 | _aFizyka i astronomia | ||
| 856 |
_uhttp://koha.tu.koszalin.pl/cgi-bin/koha/opac-detail.pl?biblionumber=1409 _yKatalog online BPK |
||
| 942 |
_2UKD _cKS |
||
| 999 |
_c1409 _d1409 |
||